Southville International School and Colleges
Your cart is empty.
  • Cart
  • Lists
    Public lists Eva Luna New books Lux_list list_1
    Your lists Log in to create your own lists
  • Log in to your account
  • Your cookies
  • Search history
Southville International School and Colleges
  • Advanced search
  • Recent comments
  • Most popular
  • Libraries

Log in to your account

Log in with GOOGLE


If you do not have an external account, but do have a local account, you can still log in:

  1. Home
  2. MARC view: The sly fox and the little red hen
Normal view MARC view ISBD view

The sly fox and the little red hen (Record no. 11796)

[ view plain ]
MARC details
000 -LEADER
fixed length control field 00467nam a22001697a 4500
003 - CONTROL NUMBER IDENTIFIER
control field OSt
005 - DATE AND TIME OF LATEST TRANSACTION
control field 20140310182320.0
008 - FIXED-LENGTH DATA ELEMENTS--GENERAL INFORMATION
fixed length control field 130312t xxu||||| |||| 00| 0 eng d
020 ## - INTERNATIONAL STANDARD BOOK NUMBER
International Standard Book Number 9832584108
050 ## - LIBRARY OF CONGRESS CALL NUMBER
Classification number PZ 7
Item number .W721 2006
082 ## - DEWEY DECIMAL CLASSIFICATION NUMBER
Classification number GS 398.21
Item number F27s 2006
245 ## - TITLE STATEMENT
Title The sly fox and the little red hen
Statement of responsibility, etc edited by Bob Williams
260 ## - PUBLICATION, DISTRIBUTION, ETC. (IMPRINT)
Place of publication, distribution, etc Malaysia
Name of publisher, distributor, etc Kohwai & Young
Date of publication, distribution, etc 2006
300 ## - PHYSICAL DESCRIPTION
Extent 16 p.
Other physical details col. ill.
Dimensions 26 cm.
942 ## - ADDED ENTRY ELEMENTS (KOHA)
Source of classification or shelving scheme Library of Congress Classification
Koha item type
Holdings
Withdrawn status Lost status Source of classification or shelving scheme Damaged status Home library Current library Shelving location Date acquired Source of acquisition Total Checkouts Full call number Barcode Date last seen Date checked out Copy number Price effective from Koha item type
    Library of Congress Classification   Luxembourg Library Luxembourg Library Grade School Section 09/20/2013 Donation 1 PZ 7 .Sl634 2007 16879 06/20/2016 02/26/2015 1 09/20/2013 Books

The sly fox and the little red hen

APA

(2006). The sly fox and the little red hen. Malaysia: Kohwai & Young.

Chicago

2006. The sly fox and the little red hen. Malaysia: Kohwai & Young.

Harvard

(2006). The sly fox and the little red hen. Malaysia: Kohwai & Young.

MLA

The sly fox and the little red hen. Malaysia: Kohwai & Young. 2006.

  • Place hold
  • Print
  • Cite
  • Add to your cart (remove)
  • Save record
    BIBTEX Dublin Core MARCXML MARC (non-Unicode/MARC-8) MARC (Unicode/UTF-8) MARC (Unicode/UTF-8, Standard) MODS (XML) RIS
  • More searches
    Search for this title in:
    Other Libraries (WorldCat) Other Databases (Google Scholar) Online Stores (Bookfinder.com) Open Library (openlibrary.org)

Exporting to Dublin Core...

SOUTHVILLE LIBRARY

Southville International School and Colleges Library

1281 Tropical Ave. Cor. Luxembourg St., BF Homes International, Las Pinas City

Tel. No. 8256374 / 252358 Loc. 117/146

Powered by Koha